| 000 -LEADER |
| fixed length control field |
00736nam a2200217Ia 4500 |
| 001 - CONTROL NUMBER |
| control field |
10945 |
| 003 - CONTROL NUMBER IDENTIFIER |
| control field |
GE_BSU |
| 008 - FIXED-LENGTH DATA ELEMENTS--GENERAL INFORMATION |
| fixed length control field |
181216s||||||||xx |||||||||||||| ||und|| |
| 040 ## - CATALOGING SOURCE |
| Transcribing agency |
GE_BSU |
| 080 ## - UNIVERSAL DECIMAL CLASSIFICATION NUMBER |
| Universal Decimal Classification number |
031(=161.1) |
| 245 ## - TITLE STATEMENT |
| Title |
Большая Советская Энциклопедия |
| 245 ## - TITLE STATEMENT |
| Remainder of title |
Томь пятьдесят шестой:Украинцев-Фаянс. |
| 245 ## - TITLE STATEMENT |
| Statement of responsibility, etc. |
Гл. ред.О.Ю.Шмидт. |
| 260 ## - PUBLICATION, DISTRIBUTION, ETC. |
| Place of publication, distribution, etc. |
Москва |
| 260 ## - PUBLICATION, DISTRIBUTION, ETC. |
| Name of publisher, distributor, etc. |
Огиз РСФСР |
| 260 ## - PUBLICATION, DISTRIBUTION, ETC. |
| Date of publication, distribution, etc. |
1941. |
| 300 ## - PHYSICAL DESCRIPTION |
| Extent |
718стр,илл,26см. |
| 520 ## - SUMMARY, ETC. |
| Summary, etc. |
Государственный институт Советская Энциклопедия |
| 653 ## - INDEX TERM--UNCONTROLLED |
| Uncontrolled term |
Большая Советская Энциклопедия |
| 942 ## - ADDED ENTRY ELEMENTS (KOHA) |
| Koha item type |
წიგნი |